A Study on Fundamental Analysis of the Selected Chemical Manufacturing Companies (Record no. 359368)

MARC details
000 -LEADER
fixed length control field 00433nam a22001457a 4500
005 - DATE AND TIME OF LATEST TRANSACTION
control field 20240808154647.0
008 - FIXED-LENGTH DATA ELEMENTS--GENERAL INFORMATION
fixed length control field 240808b |||||||| |||| 00| 0 eng d
041 ## - LANGUAGE CODE
Language code of text/sound track or separate title eng
082 ## - DEWEY DECIMAL CLASSIFICATION NUMBER
Item number GHU
100 ## - MAIN ENTRY--PERSONAL NAME
Author Ghube Shivani- 2K211091 & Dr. Prashant Mamarde-Guide
245 ## - TITLE STATEMENT
Title A Study on Fundamental Analysis of the Selected Chemical Manufacturing Companies
260 ## - PUBLICATION, DISTRIBUTION, ETC.
Place of publication, distribution, etc. Pune
Name of publisher, distributor, etc. SPPU
Date of publication, distribution, etc. March-2023
300 ## - PHYSICAL DESCRIPTION
Extent 49p
942 ## - ADDED ENTRY ELEMENTS (KOHA)
Koha item type Project Reports
Holdings
Withdrawn status Lost status Source of classification or shelving scheme Damaged status Not for loan Home library Current library Date acquired Vendor Total Checkouts Full call number Barcode Date last seen Bill Date Koha item type Original Barcode
    Dewey Decimal Classification     Smt. Hiraben Nanavati Institute of Management & Research for Women Smt. Hiraben Nanavati Institute of Management & Research for Women 28/03/2023 HNIMR   GHU HIMR-PR-767 08/08/2024 08/08/2024 Project Reports PR0767